| 000 | 00934nam a22003137a 4500 | ||
|---|---|---|---|
| 001 | BR2017000383 | ||
| 003 | BR-BrBNA | ||
| 005 | 20230928105034.0 | ||
| 007 | ta | ||
| 008 | 230509b bl.||||| |||| 00| 0 por d | ||
| 040 |
_aBR-BrBNA _bpor _cBiblioteca Nacional de Agricultura |
||
| 041 | _a(Por) | ||
| 072 | _aE70 | ||
| 090 | _ E70 BR2017000383 | ||
| 100 | 1 | _aBorges, A.M. | |
| 100 | 1 | _aTávora, F.M. | |
| 110 | 1 |
_aGoverno do Distrito Federal, Brasília, DF (Brasil). Secretaria de Estado de Agricultura, Pecuária e Abastecimento _95269 |
|
| 245 | 1 | _aO mercado de pescado no DF: v. 1 aquicultura e pesca; v.1 comercialização | |
| 260 | 3 |
_aBrasília, DF (Brasil): _c2009. |
|
| 300 | _av. 1-2 | ||
| 500 | _a47 illus.; 55 tables | ||
| 650 | _aCOMERCIALIZAÇÃO | ||
| 650 | _aPISCICULTURA | ||
| 650 | _aMERCADO | ||
| 650 | _aPEIXE | ||
| 650 | _aAQUICULTURA | ||
| 909 |
_a202309 _bLucia _c55 _dLucia Elande |
||
| 942 | _cBK | ||
| 999 |
_c83072 _d83072 |
||